| 000 | 00672cam a22001697a 4500 | ||
|---|---|---|---|
| 008 | 180718b2000 xxu||||| |||| 00| 0 eng d | ||
| 020 | _a080283874X | ||
| 082 | _aA99/Az14 H231 | ||
| 100 | _aHarper, Susan Billington | ||
| 245 |
_aIn the shadow of the Mahatma: Bishop V.S. Azariah and the travails of christianity in British India _cby Susan Billington Harper |
||
| 260 |
_aRichmond, Surrey _bCurzon Press _c2000 |
||
| 300 | _a462p. | ||
| 440 | _aStudies in the history of christian missions | ||
| 650 | _aIndia, South - Church history - 20th century | ||
| 650 | _aChurch of South India - Bishops - Biography | ||
| 650 | _aAzariah, Vedanayagam Samuel, Bishop - Biography | ||
| 999 |
_c394252 _d394252 |
||